000 00676nam a2200241Ia 4500
003 OSt
005 20220925215159.0
006 a|||||r|||| 00| 0
007 ta
008 220923b |||||||| |||| 00| 0 eng d
037 _cGeneral Book
040 _aRTL
_cRTL
_beng
041 _2eng
_aeng
082 _aX.1(X).N7, M1
100 _aFrank Andre Gunder
245 0 _aCrisis in the third world
260 _aLondon
_bHeinemann
_c1981
300 _axvii,375p
_ccm.
500 _aBibliography: P 339-366
650 _aEconomic Condition Developing Countries
942 _hX.1(X).N7, M1
_cGB
_2CC
999 _c568121
_d568121